The Identification of Thumb Impressions and The Cross Examination Finger Print Experts : (Record no. 734)

MARC details
000 -LEADER
fixed length control field 00417nam a22001337a 4500
008 - FIXED-LENGTH DATA ELEMENTS--GENERAL INFORMATION
fixed length control field 110428t xxu||||| |||| 00| 0 eng d
082 ## - DEWEY DECIMAL CLASSIFICATION NUMBER
Classification number 363.258 MEH
100 ## - MAIN ENTRY--PERSONAL NAME
Personal name Metha, M. K.
9 (RLIN) 2007
245 ## - TITLE STATEMENT
Title The Identification of Thumb Impressions and The Cross Examination Finger Print Experts :
Statement of responsibility, etc M. K. Metha /
250 ## - EDITION STATEMENT
Edition statement 2nd ed.
260 ## - PUBLICATION, DISTRIBUTION, ETC. (IMPRINT)
Place of publication, distribution, etc Delhi:
Name of publisher, distributor, etc A. S. Pandya,
Date of publication, distribution, etc 1963.
300 ## - PHYSICAL DESCRIPTION
Extent xiii, 140p.;
Dimensions 22 cm.
942 ## - ADDED ENTRY ELEMENTS (KOHA)
Source of classification or shelving scheme Dewey Decimal Classification
Item type Books
Holdings
Withdrawn status Lost status Source of classification or shelving scheme Damaged status Not for loan Home library Current library Shelving location Date acquired Total Checkouts Full call number Barcode Date last seen Price effective from Koha item type
    Dewey Decimal Classification     Law Development Centre Main Library Law Development Centre Main Library Text Books and Laws 04/28/2011   363.258 MEH 2011/2821 04/28/2011 04/28/2011 Books